000
00276nmm a2200097Ia 4500
008
220120s9999||||xx |||||||||||||||||und||
082
_a
006.3 SOM
100
_a
Soman, K.P. Diwakar, Shyam, and Ajay, V
245
0
_a
Insight in to data mining: theory and practice
260
_c
2008
999
_c
139363
_d
139363